LEADER 01332nam a2200265 u 4500 001 000000074781 003 CaOOAMICUS 005 20070226123028.0 008 021217s1971 gw u000 u ger u 035 $a10948991 040 $aPUL$bita 100 1 $aGeense, Adriaan.$0(OLS)http://pul/name/49598 245 10$aAuferstehung und Offenbarung :$büber den Ort der Frage nach der Auferstehung Jesu Christi in der heutigen deutschen evangelischen Theologie/ /$cAdriaan Geense. 260 $aGöttingen :$bVandenhoeck & Ruprecht,$cc1971. 300 $a235 p. ;$c22 cm 490 1 $aForschungen zur systematischen und ökumenischen Theologie ;$vBd. 27 504 $aBibliografia in nota. 600 04$aJesus Christ.$0(OLS)http://pul/subject/4351 830 0$aForschungen zur systematischen und ökumenischen Theologie ;$vBd. 27.$0(OLS)http://pul/title/97968 850 $aPUL 852 $aPUL$W1$xSL Religione 1$y3$m59 L 27$j96385$nBK-PRI$b $qStampati$B96385$CPULBib$Z2$F96385 $H $81 941 1 $a8 961 $aINV: 88137 996 $6245$aAuferstehung und Offenbarung :$büber den Ort der Frage nach der Auferstehung Jesu Christi in der heutigen deutschen evangelischen Theologie/$9(OLS)http://pul/title/98130 996 $6260$aGöttingen :$bVandenhoeck & Ruprecht$9(OLS)http://pul/publisher/47973 LEADER 01732nam a2200421 i 4500 001 000000178058 003 CaOOAMICUS 005 20250912110905.0 007 tu 008 250912s1997 it 000 u ita r 020 $a88-399-1341-6* 040 $aPUL$bita$erda 082 0 $a248.4 100 1 $aNouwen, Henri J. M.,$d1932-1996,$eautore.$0(OLS)http://pul/name/35316 240 10$aThe return of the prodigal son.$lItaliano.$0(OLS)http://pul/title/219612 245 12$aL'abbraccio benedicente : $bmeditazione sul ritorno del figlio prodigo /$cHenri J. M. Nouwen. 250 $a8.edizione 264 4$cİ1994. 264 1$aBrescia :$bQueriniana,$c[1997] 300 $a212 pagine ;$c20 cm 336 $atesto$btxt$2rdacontent 337 $asenza mediazione$bn$2rdamedia 338 $avolume$bnc$2rdacarrier 490 1 $aSpiritualità ;$v41 500 $aEdizione italiana a cura di Giuseppe Cestari. 500 $aTraduzione di Maria Cristina Bricchi. 504 $aBibliografia in nota a piè pagina. 650 4$aVita spirituale.$0(OLS)http://pul/subject/3091 830 0$aSpiritualità ;$v41.$0(OLS)http://pul/title/65556 850 $aPUL 852 $aPUL$W1$xDP1 Fondo Liberati$y125$m2 B 5$j37637$qFondi$B207053$CPULBib$Z2$F207053 $HLib58 $82 941 1 $a1 996 $6020$a88-399-1341-6*$9(OLS)http://pul/number/170581 996 $6082$a248.4$9(OLS)http://pul/classification/625 996 $6245$aL'abbraccio benedicente : $bmeditazione sul ritorno del figlio prodigo$9(OLS)http://pul/title/219611 996 $6264$aBrescia :$bQueriniana$9(OLS)http://pul/publisher/47906 996 $6264$a[S.l.] :$b[s.n.]$9(OLS)http://pul/publisher/0